Maize production and market in leuk daek districts kandal province, ផលិតកម្មនិង​ទីផ្សារពោតនៅស្រុកលើកដែកខេត្តកណ្ដាល (Record no. 8316)

000 -LEADER
fixed length control field 00594nam a22001577a 4500
003 - CONTROL NUMBER IDENTIFIER
control field OSt
005 - DATE AND TIME OF LATEST TRANSACTION
control field 20160704150348.0
008 - FIXED-LENGTH DATA ELEMENTS--GENERAL INFORMATION
fixed length control field 160704b xxu||||| |||| 00| 0 eng d
040 ## - CATALOGING SOURCE
Transcribing agency RUA
082 ## - DEWEY DECIMAL CLASSIFICATION NUMBER
Classification number MNR DOR 2015 B499 Or.1
100 ## - MAIN ENTRY--PERSONAL NAME
9 (RLIN) 8671
Personal name DORL PHEAKDEY, ឌល ភក្តី
245 ## - TITLE STATEMENT
Title Maize production and market in leuk daek districts kandal province, ផលិតកម្មនិង​ទីផ្សារពោតនៅស្រុកលើកដែកខេត្តកណ្ដាល
260 ## - PUBLICATION, DISTRIBUTION, ETC. (IMPRINT)
Place of publication, distribution, etc. Phnom Penh
Name of publisher, distributor, etc. RUA
Date of publication, distribution, etc. 2015
300 ## - PHYSICAL DESCRIPTION
Extent xi; 56p.
Other physical details ill.
Dimensions 29cm.
942 ## - ADDED ENTRY ELEMENTS (KOHA)
Source of classification or shelving scheme
Koha item type MNR
Holdings
Price effective from Date last seen Permanent Location Not for loan Date acquired Source of classification or shelving scheme Koha item type Lost status Withdrawn status Date last checked out Total Checkouts Shelving location Damaged status Barcode Current Location Full call number
2016-07-042018-10-22Library Block B 2016-07-04 MNR  2018-10-051B499 RUA059212Library Block BMNR DOR 2015 B499 Or.1
2016-07-042016-11-21Library Block B 2016-07-04 MNR  2016-11-211B499 RUA057354Library Block BMNR DOR 2015 B499 Or.2
2016-07-042016-07-04Library Block B 2016-07-04 MNR    B499 RUA059016Library Block BMNR DOR 2015 B499 Or.3
2016-07-042016-07-04Library Block B 2016-07-04 MNR    B499 RUA057414Library Block BMNR DOR 2015 B499 Or.4
2016-07-042016-07-04Library Block B 2016-07-04 MNR    B499 RUA057411Library Block BMNR DOR 2015 B499 Or.5
មជ្ឈមណ្ឌលឯការនៃសាកលវិទ្យាល័យភូមិន្ទកសិកម្មចំការដូង

Powered by Koha